Регионална библиотека "Любен Каравелов" - Русе

Гласове (Запис номер 75146)

MARC детайли
000 -Лидер
Контролно поле с фиксирана дължина 02101nam a2200373 c 4500
003 - Код на организацията, давaща контролен номер
Контролно поле BLK
005 - Дата и час на последна редакция
Контролно поле 20230726005218.0
008 - Елементи от данни с фиксирана дължина
fixed length control field 180408b bul|||||r ||||||| ||bul||
010 ## - Наследен системен номер
LC control number KNG00079557000
020 ## - Международен стандартен номер на книга ISBN
Международен стандартен номер на книга ISBN 978-954-8478-89-2
-- издат.: Сонм
040 ## - Източник на каталожния запис
Идентификатор на билиотеката - собственик на записа BLK
041 ## - Код за език
Код за езика на текст/звукозапис или на отделно заглавие Български
Код за езика КДБФ Български
080 ## - УДК
Текстов определител УДК Женско движение. Женски въпрос. Обществено положение на жената. Равноправие на жената
УДК код - определител по УДК 396
УДК определител (08)
УДК - код + определител 396(08)
100 1# - Редна дума - Автор
Автор Дворянова, Емилия
Авторска отговорност първи автор
R(LIN) 241965
139 ## - Редно поле
Редна дума Гласове
Авторски знак Глад - Г 53
245 10 - Сведения за заглавието
Заглавие Гласове
Подзаглавни данни Нова хуманитаристика от балкански авторки
Редно поле (дума) Емилия Дворянова; прев. Русанка Костова Ляпова.
257 ## - Страна на издаване
Страна на създаване/издаване Сборници - Свят
260 ## - Област на издателските данни
-- София
Име на издателя, разпространителя и проч. Сонм
Година на издаване 2007
300 ## - Физическа характеристика
Страници 312 с.
Размери/Мащаб 21 см
380 ## - Жанр
Жанр Обществени науки
490 1# - СЕРИИ (Колекции)
Име на серия Женски дискурси
500 ## - Общи забележки
Забележка Други авт. : М. Кирова, Н. Радулова, Н. Александрова, Н. Афеян, Р. Мухарска, К. Кулавкова, Р. Кошка, М. Бояджиевска, С. Сърбиновска, К. Коловозова, Я. Котеска, З. Иванович, Д. Попович, Б. Дойчинович-Нешич, Д. Джурич, Я. Лукич, С. Слапшак, отбелязани на гърба на загл. с. - Съдържа и Бележки за българските, македонските и сръбските авторки.
650 #4 - Допълнително описание по предмет – тема
Основно описание – тема или топоним Жени - участие в обществено-политическия живот
9 (RLIN) 278796
651 #7 - Допълнително описание по предмет - топоним
Географско понятие Балкански страни
Източник на редна или ключова дума
9 (RLIN) 178568
653 ## - Ключова дума – ненормативна
Ключова дума жени
653 ## - Ключова дума – ненормативна
Ключова дума обществено-политически живот
700 1# - Други автори (авторска отговорност)
Лично име Ляпова, Русанка Костова
Автороска отговорност (Описва отношението между автора и произведението) прев.
9 (RLIN) 368468
852 ## - Местоположение
Форматна сигнатура Цб 237092
856 4# - Електронен адрес и достъп
Електронен формат pdf - файл
Път до файла /url/
856 4# - Електронен адрес и достъп
Електронен формат pdf - файл
Път до файла /url/
942 ## - АРТИКУЛИ
Вид на библиотечния материал Книги
Скрит в OPAC Не
944 ## - СЪЗДАВАНЕ И РЕДАКЦИЯ на ЗАПИСА
Създаване/Редакция Създаване
Дата на регистрацията/редакция 22.11.2007
Служител, извършил регистрацията/редакцията
Статус, дата на статуса CRON CRON
944 ## - СЪЗДАВАНЕ И РЕДАКЦИЯ на ЗАПИСА
Създаване/Редакция Редакция
Дата на регистрацията/редакция 30.11.2007
Служител, извършил регистрацията/редакцията
999 ## - СИСТЕМНИ КОНТРОЛНИ НОМЕРА
Koha biblionumber 75146
Koha biblioitemnumber 75146
Наличности
Код за отписване Код за изгубен артикул Код за повреда Коз за рестрикции Код за отдаване Артикулен № Име на библиотеката - собственик Име на библиотеката, в която се намира в момента Статус (Текущо местоположение) Дата на вписване в системата Местоположение - отдел Цена в лева Инвентарен номер Систематично азбучна сигнатура Баркод Номер на екземпляра Цена в евро Служебна бележка Служебен тип на артикула
  Не е изгубен Не е повреден без рестрикции ползва се в читалня 122073 Регионална библиотека "Любен Каравелов" Русе Регионална библиотека "Любен Каравелов" Русе Хранилище 2007-11-22 Хранилище 9.00 120000720209 Цб 237092 120000720209 1 4.60 Дост: Dp Вид: Д N: 33 Дата: 26.07.2007 Книги
Vip Innovations Ltd, Rousse, Bulgaria 2025